000 00934cab a2200301 4500
001 WB3346-22
008 090401t1997 xxu||||| |||| 00| 0 eng d
035 _a(Sirsi) u82400
041 _aeng
245 _aAsian investment fears
260 _c1997
350 _a0
490 _aBuilding
_v262(47) 28 November 1997, 8(1)
520 _aAnalysts are predicting a sharp reduction in investment from Korea as well as an exodus of South-East Asian investors from the inner London housing market following Japan`s banking crisis.
650 _aCONSTRUCTION INDUSTRY
650 _aFINANCIAL MARKET
650 _aFOREIGN INVESTMENT
650 _aHOUSING MARKET
650 _aINDUSTRIAL SECTOR
650 _aJAPAN
650 _aLONDON
650 _aLUXURY HOMES
650 _aREPUBLIC OF KOREA
650 _aSOUTH-EAST ASIA
690 _aPROPERTY-PROPERTY FINANCE AND INVESTMENT
942 _n0
948 _c28/11/1997
999 _c52020
_d52020